[Event "Rilton Cup 45th"]
[Site "Stockholm"]
[Date "2016.01.04"]
[Round "8"]
[White "Rodshtein, Maxim"]
[Black "Donchenko, Alexander"]
[Result "1-0"]
[WhiteElo "2678"]
[BlackElo "2588"]
[PlyCount "51"]
[EventDate "2015.12.27"]
[EventType "swiss"]
[EventRounds "9"]
[EventCountry "SWE"]
[SourceTitle "CBM 170 Extra"]
[Source "ChessBase"]
[SourceDate "2016.02.25"]
[SourceVersion "1"]
[SourceVersionDate "2016.02.25"]
[SourceQuality "1"]

1. Nf3 {Besenthal,Klaus Guenter} Nf6 2. g3 c5 3. Bg2 Nc6 4. O-O e5 5. e4 Nxe4 ({RR} 5... d6 6. d3 g6 7. a3 Bg7 8. Nc3 O-O 9. Rb1 a6 10. b4 b5 11. Be3 cxb4 12. axb4 h6 13. h3 Be6 14. d4 Bc4 15. Re1 Rc8 16. Qd2 Kh7 17. g4 d5 18. Nxe5 Nxe5 19. dxe5 Nxe4 20. Nxe4 {Kramnik,V (2812)-Giri,A (2782) Paris 2016 CBM 173 [Besenthal,Klaus Guenter] 0-1 (35)}) ({RR} 5... d6 6. Re1 g6 7. c3 Bg7 8. d4 O-O 9. dxc5 dxc5 10. Nbd2 Qc7 11. Qe2 h6 12. Nc4 b5 13. Ne3 a6 14. Nd5 Qd6 15. a4 Rb8 16. axb5 axb5 17. Nxf6+ Qxf6 18. Be3 c4 19. Red1 Be6 20. Ra6 {Goldin,R (2288)-Zia,T (2323) chess.com INT 2025 0-1 (40)}) ({RR} 5... d6 6. Re1 g6 7. Na3 Bg7 8. d3 O-O 9. h3 Rb8 10. c3 b5 11. Nc2 b4 12. Ne3 Be6 13. Ng5 Bd7 14. Kh2 h6 15. Nf3 Be6 16. Nd2 Qa5 17. Ndc4 Qc7 18. Bd2 bxc3 19. bxc3 Rfd8 20. Nd5 {Donchenko,A (2604)-Prithu,G (2462) Caleta 2019 1-0 (51)}) 6. Re1 d5 7. c4 Be6 $146 ({RR} 7... Nf6 8. cxd5 Nxd5 9. Nxe5 Be6 10. Qh5 Nce7 11. Nc3 Nf6 12. Qe2 Rb8 13. Qb5+ Nd7 14. d4 a6 15. Qa4 cxd4 16. Ne4 Nd5 17. Ng5 N5b6 18. Nexf7 Nxa4 19. Nxd8 Kxd8 20. Nxe6+ Kc8 21. Bf4 Ndc5 22. Bh3 {Ghasi,A (2509)-Kovalskyi,R (2004) Cambridge ENG 2024 1-0}) ({RR} 7... Nf6 8. cxd5 Nxd5 9. Nxe5 Be6 10. Qh5 Nce7 11. Nc3 Nf6 12. Qe2 Rb8 13. Qb5+ Nd7 14. d4 a6 15. Qa4 cxd4 16. Ne4 Nd5 17. Ng5 N5b6 18. Nexf7 Nxa4 19. Nxd8 Kxd8 20. Nxe6+ Kc8 21. Bf4 Ndc5 22. Bh3 {Ghasi,A (2509)-Kovalskyi,R (2004) Cambridge ENG 2024 1-0}) 8. Qa4 Bd6 9. cxd5 Bxd5 10. Rxe4 b5 11. Qxb5 Bxe4 12. Qa4 Bxf3 13. Bxf3 O-O 14. Bxc6 Rc8 15. d3 Be7 16. Bb5 c4 17. Bxc4 e4 18. Nc3 exd3 19. Be3 Bc5 20. Bxc5 Rxc5 21. Rd1 d2 22. Ne4 Re5 23. Rxd2 Qa8 24. Rd4 Rd8 25. Rxd8+ Qxd8 26. Qc6 1-0

[Event "Gibraltar Masters 14th"]
[Site "Caleta"]
[Date "2016.02.04"]
[Round "10"]
[White "Almasi, Zoltan"]
[Black "Gopal, Geetha Narayanan"]
[Result "1-0"]
[WhiteElo "2684"]
[BlackElo "2525"]
[PlyCount "107"]
[EventDate "2016.01.26"]
[EventType "swiss"]
[EventRounds "10"]
[EventCountry "GGB"]
[SourceTitle "CBM 171"]
[Source "ChessBase"]
[SourceDate "2016.03.14"]
[SourceVersion "2"]
[SourceVersionDate "2016.03.14"]
[SourceQuality "1"]

1. Nf3 d5 2. g3 g6 3. c4 dxc4 4. Na3 Bg7 5. Nxc4 Nc6 6. d3 e5 7. Bd2 Nge7 8. Bg2 a5 9. O-O O-O 10. Bc3 f6 11. Qc2 Be6 12. Rfd1 Qd7 $146 ({RR} 12... Qe8 13. Ncd2 Rd8 14. e3 g5 15. a3 Qg6 16. Ne4 b6 17. b4 axb4 18. axb4 Nd5 19. b5 Nce7 20. Bb2 h6 21. Ba3 Qe8 22. Ned2 Qxb5 23. Rdb1 Qc6 24. Qxc6 Nxc6 25. Bxf8 Bxf8 26. Rc1 Na5 27. Rab1 {Almasi,Z (2684)-Salomon,J (2444) Caleta 2016 1-0 (36)}) 13. Ncd2 b6 14. Rac1 Rac8 15. e3 Nd5 16. a3 Rfd8 17. d4 Qf7 18. dxe5 Nxc3 19. Qxc3 Nxe5 20. Nxe5 fxe5 21. Ne4 h6 22. Qc6 Kh8 23. h4 Rd7 24. Rxd7 Qxd7 25. Kh2 Qxc6 26. Rxc6 Bf5 27. Nc3 e4 28. Bxe4 Bxe4 29. Nxe4 Bxb2 30. a4 Re8 31. Nd2 Rf8 32. Kg2 Rf7 33. Rxg6 Rf6 34. Rg4 Re6 35. Kf3 Bc3 36. Nc4 Bb4 37. Ke2 Bc5 38. Kd3 Rf6 39. Ke2 c6 40. Re4 Kg7 41. g4 Rf8 42. Re6 Rc8 43. f4 b5 44. axb5 cxb5 45. Nxa5 b4 46. Nb3 Bf8 47. Rb6 Rc2+ 48. Kf3 Rc3 49. Nd4 Kf7 50. Rb7+ Ke8 51. g5 Bc5 52. Nf5 hxg5 53. hxg5 b3 54. g6 1-0

[Event "Titled Tuesday intern op 2nd Febr"]
[Site "Chess.com INT"]
[Date "2016.02.02"]
[Round "7"]
[White "Gabrielian, Artur"]
[Black "Rychagov, Andrey"]
[Result "1-0"]
[WhiteElo "2512"]
[BlackElo "2556"]
[PlyCount "93"]
[EventDate "2016.02.02"]
[EventType "swiss (blitz)"]
[EventRounds "9"]
[EventCountry "USA"]
[SourceTitle "EXT 2021"]
[Source "ChessBase"]
[SourceDate "2020.10.23"]
[SourceVersion "1"]
[SourceVersionDate "2020.10.23"]
[SourceQuality "1"]

1. Nf3 d5 2. g3 c6 3. Bg2 Bg4 4. O-O Nd7 5. d3 Ngf6 6. Qe1 e5 7. e4 dxe4 8. dxe4 Be7 9. h3 Bh5 10. Nbd2 Qc7 ({RR} 10... O-O 11. Nc4 Qc7 12. Nh4 Rfe8 13. a4 a5 14. Bd2 b6 15. Kh1 Nc5 16. g4 Nfd7 17. f4 b5 18. axb5 cxb5 19. Ne3 Qd8 20. Nhf5 exf4 21. Nd5 Bg6 22. Bxa5 Rxa5 23. Ndxe7+ Rxe7 24. Qxa5 Re8 25. Qxd8 {Giri,A (2798)-Motylev,A (2649) Baku 2015 1-0 (34)}) 11. Nh4 ({RR} 11. Nc4 O-O 12. Bd2 Rfe8 13. Nh4 Bg6 14. a4 Nc5 15. Nxg6 hxg6 16. b4 Ne6 17. c3 Bf8 18. h4 Rad8 19. Qe2 Nh7 20. Rfd1 Be7 21. Bh3 Nef8 22. a5 g5 23. h5 a6 24. Rdb1 g6 25. hxg6 Nxg6 {Ghasi,A (2496)-Banerjee,S (2115) Kenilworth ENG 2024 1-0 (42)}) 11... O-O 12. Nf5 Bc5 13. Nb3 $146 ({RR} 13. a4 Rfe8 14. Nc4 b5 15. Na5 Bf8 16. Kh1 Nc5 17. axb5 cxb5 18. Bg5 Nfd7 19. Be3 a6 20. Rc1 Rac8 21. b4 Ne6 22. c4 bxc4 23. Rxc4 Qb8 24. Nc6 Qb5 25. Nce7+ Bxe7 26. Rxc8 Bd8 27. Nd6 {1-0 (27) Praggnanandhaa,R (2608)-Weetik,V (2423) Chess.com INT 2020}) ({RR} 13. a4 Rfe8 14. Nc4 b5 15. Na5 Bf8 16. Kh1 Nc5 17. axb5 cxb5 18. Bg5 Nfd7 19. Be3 a6 20. Rc1 Rac8 21. b4 Ne6 22. c4 bxc4 23. Rxc4 Qb8 24. Nc6 Qb5 25. Nce7+ Bxe7 26. Rxc8 Bd8 27. Nd6 {1-0 (27) Praggnanandhaa,R (2608)-Weetik,V (2423) Chess.com INT 2020}) 13... Bb6 14. a4 a5 15. Be3 Bxe3 16. Qxe3 Rfd8 17. g4 Bg6 18. Rfd1 Nf8 19. Qc5 Ne6 20. Rxd8+ Nxd8 21. Ne7+ Kh8 22. Nd5 Qb8 23. Nxf6 Ne6 24. Qe7 gxf6 25. Qxf6+ Kg8 26. Rd1 Qc7 27. Bf1 b5 28. axb5 a4 29. Nd2 cxb5 30. Bd3 Nf4 31. Nf3 Nxh3+ 32. Kf1 Re8 33. c3 Qc5 34. Nh4 Nf4 35. Nf5 Bxf5 36. gxf5 b4 37. Qg5+ Kh8 38. Qf6+ Kg8 39. cxb4 Qxb4 40. Qg5+ Kf8 41. Qh6+ Kg8 42. f6 Ne6 43. Ke2 Qxb2+ 44. Kf3 Nd4+ 45. Kg2 Ne6 46. Rh1 Nf4+ 47. Kg3 1-0

[Event "Zuerich Chess Challenge Blitz 5th"]
[Site "Zuerich"]
[Date "2016.02.15"]
[Round "1"]
[White "Kramnik, Vladimir"]
[Black "Shirov, Alexei"]
[Result "1-0"]
[WhiteElo "2801"]
[BlackElo "2684"]
[PlyCount "61"]
[EventDate "2016.02.15"]
[EventType "tourn (blitz)"]
[EventRounds "5"]
[EventCountry "SUI"]
[EventCategory "21"]
[SourceTitle "CBM 171"]
[Source "ChessBase"]
[SourceDate "2016.03.14"]
[SourceVersion "2"]
[SourceVersionDate "2016.03.14"]
[SourceQuality "1"]

1. Nf3 d5 2. g3 Bg4 3. Bg2 Nd7 4. O-O Ngf6 5. h3 Bxf3 6. Bxf3 e5 ({RR} 6... e6 7. d3 Bd6 8. Bg2 O-O 9. Nd2 c6 10. e4 e5 11. a4 a5 12. exd5 cxd5 13. Nb1 Bb4 14. c3 Bd6 15. Na3 Bxa3 16. Rxa3 Rc8 17. Rb3 b6 18. Rb5 Nc5 19. d4 exd4 20. Qxd4 Nfe4 21. Bf4 {Eljanov,P (2741)-Shirov,A (2679) Douglas 2016 1-0 (39)}) ({RR} 6... c6 7. d3 e6 8. Nd2 Bd6 9. e4 Qb6 10. Kg2 h5 11. h4 Ne5 12. Qe2 O-O-O 13. c3 Nfg4 14. d4 Nxf3 15. Nxf3 Rde8 16. e5 Be7 17. b4 Qc7 18. Bd2 Qd7 19. Rfc1 f6 20. a4 fxe5 21. Nxe5 {Armstrong,M (2002)-Merriman,J (2216) Blackpool ENG 2025 0-1}) 7. c4 c6 8. cxd5 cxd5 9. d3 $146 ({RR} 9. Nc3 e4 10. Bg2 Be7 11. d3 Nc5 12. b4 Ne6 13. dxe4 dxe4 14. Nxe4 O-O 15. a3 a5 16. b5 a4 17. Bb2 Nxe4 18. Bxe4 Qb6 19. Rb1 Rfd8 20. Qc2 h6 21. Kg2 Nd4 22. Qc4 Bf6 23. e3 Re8 {Rastbod,A (2256)-Jovic,S (2075) chess.com INT 2023 1-0 (40)}) ({RR} 9. Nc3 e4 10. Bg2 Be7 11. d3 Nc5 12. b4 Ne6 13. dxe4 dxe4 14. Nxe4 O-O 15. a3 a5 16. b5 a4 17. Bb2 Nxe4 18. Bxe4 Qb6 19. Rb1 Rfd8 20. Qc2 h6 21. Kg2 Nd4 22. Qc4 Bf6 23. e3 Re8 {Rastbod,A (2256)-Jovic,S (2075) chess.com INT 2023 1-0 (40)}) 9... Be7 10. Nc3 d4 11. Nb5 a6 12. Na3 Rb8 13. Bd2 b5 14. Rc1 O-O 15. Rc6 e4 16. dxe4 Ne5 17. Rc1 d3 18. Bg2 dxe2 19. Qxe2 Qd3 20. Qxd3 Nxd3 21. Rc7 Bd6 22. Rc6 Be5 23. Rxa6 Bxb2 24. Ra5 b4 25. Nc4 Bc3 26. e5 Nd7 27. Rd5 N7c5 28. Be3 Rfd8 29. Nd6 Bxe5 30. Bxc5 Nxc5 31. Rxe5 1-0

[Event "China Elite Mind rapid"]
[Site "Huaian"]
[Date "2016.02.27"]
[Round "5"]
[White "Fressinet, Laurent"]
[Black "Movsesian, Sergei"]
[Result "1-0"]
[WhiteElo "2700"]
[BlackElo "2653"]
[PlyCount "86"]
[EventDate "2016.02.26"]
[EventType "swiss (rapid)"]
[EventRounds "7"]
[EventCountry "CHN"]
[SourceTitle "CBM 171 Extra"]
[Source "ChessBase"]
[SourceDate "2016.04.26"]
[SourceVersion "1"]
[SourceVersionDate "2016.04.26"]
[SourceQuality "1"]

1. Nf3 d5 2. g3 c6 3. Bg2 Bg4 4. O-O Nd7 5. d3 Ngf6 6. h3 Bh5 7. Qe1 e5 8. e4 dxe4 9. dxe4 Be7 10. Nh4 O-O 11. Nd2 Re8 12. Nc4 Qc7 13. a4 Nc5 14. Nf5 Bf8 15. Bg5 $146 ({RR} 15. Bd2 Nfd7 16. Bb4 Rad8 17. Qe3 f6 18. Qc3 Kh8 19. a5 b5 20. axb6 axb6 21. Nxb6 Qxb6 22. Ba5 Qb7 23. Bxd8 Rxd8 24. g4 Bg6 25. Rfd1 Rb8 26. b3 Ne6 27. Qc4 Nf4 28. Qa6 Nxg2 29. Qxb7 Rxb7 {Bivol,A (2362)-Rodriguez Rueda,P (2321) Bhubaneswar 2016 ½-½ (53)}) 15... Nfd7 16. a5 Ne6 17. Be3 b5 18. axb6 axb6 19. Qd2 b5 20. Ncd6 Red8 21. Rxa8 Rxa8 22. c4 bxc4 23. Nxc4 c5 24. f4 Rd8 25. Qf2 f6 26. Bd2 Nd4 27. Ba5 Qb8 28. Bxd8 Qxd8 29. Nxd4 cxd4 30. fxe5 Bf7 31. Nd6 Nxe5 32. Nxf7 Kxf7 33. Qf5 Qc7 34. Qh5+ Kg8 35. Qe8 d3 36. Kh2 h6 37. b4 Qd6 38. b5 d2 39. Rd1 Kh7 40. Qc8 Qd4 41. b6 Qxb6 42. Qxf8 Qf2 43. Qa3 Qe2 1-0

[Event "China Elite Mind rapid (Women)"]
[Site "Huaian"]
[Date "2016.02.27"]
[Round "6"]
[White "Stefanova, Antoaneta"]
[Black "Kosteniuk, Alexandra"]
[Result "1-0"]
[WhiteElo "2509"]
[BlackElo "2554"]
[PlyCount "127"]
[EventDate "2016.02.26"]
[EventType "swiss (rapid)"]
[EventRounds "7"]
[EventCountry "CHN"]
[SourceTitle "CBM 171 Extra"]
[Source "ChessBase"]
[SourceDate "2016.04.26"]
[SourceVersion "1"]
[SourceVersionDate "2016.04.26"]
[SourceQuality "1"]

1. Nf3 Nf6 2. g3 b6 3. Bg2 Bb7 4. d3 d5 5. O-O Nbd7 6. Nbd2 ({RR} 6. a4 a6 7. Nbd2 e6 8. b3 Bd6 9. Bb2 O-O 10. e4 dxe4 11. Ng5 Be5 12. d4 Bd6 13. Ngxe4 Nxe4 14. Nxe4 Rb8 15. Qe2 Be7 16. Rfd1 Qc8 17. c4 Re8 18. Rd3 b5 19. cxb5 axb5 20. a5 b4 {Petrosian,T (2625)-Fedoseev,V (2659) Berlin 2015 ½-½ (77)}) ({RR} 6. c4 dxc4 7. dxc4 e6 8. Qa4 a6 9. Bg5 Be7 10. Rd1 b5 11. cxb5 O-O 12. bxa6 Rxa6 13. Qc2 Be4 14. Qc1 Nd5 15. Nc3 Nxc3 16. bxc3 Bxf3 17. Bxe7 Qxe7 18. Bxf3 Ne5 19. Qe3 Nxf3+ 20. exf3 Ra3 {Stojanovski,S (2169)-Papasimakopoulos,A (2372) chess.com INT 2024 ½-½ (55)}) 6... e5 7. a4 ({RR} 7. e4 dxe4 8. dxe4 Bc5 9. Qe2 O-O 10. Nh4 Re8 11. Nc4 Nf8 12. Rd1 Qc8 13. Nf5 g6 14. Nh4 Qg4 15. Bf3 Qe6 16. b3 b5 17. Na5 Ba6 18. a3 Bd4 19. Ra2 c5 20. Qe1 c4 21. a4 cxb3 {Petrosian,T (2615)-Kosteniuk,A (2552) Chess.com INT 2017 1-0 (32)}) 7... e4 $146 ({RR} 7... Bd6 8. Nh4 g6 9. a5 O-O 10. Nc4 Be7 11. a6 Bc8 12. Bg5 Re8 13. Ne3 Nc5 14. c4 c6 15. cxd5 cxd5 16. Nf3 Qd6 17. d4 exd4 18. Nxd4 Be6 19. Nec2 Rac8 20. Bf4 Qd7 21. Nxe6 fxe6 22. Bh3 {Shvedov,S (2351)-Pavlov,A (2301) St Petersburg 2002 1-0 (44)}) 8. Nd4 a6 9. c4 Bc5 10. N2b3 dxc4 11. Nxc5 bxc5 12. Nf5 g6 13. Nh6 Qe7 14. dxc4 O-O-O 15. Qc2 Qe6 16. h3 Ne5 17. b3 Nc6 18. Bg5 Nd4 19. Qa2 Rd7 20. a5 Ne8 21. Rab1 Nd6 22. Rfc1 Qe5 23. h4 f5 24. Be3 Nc6 25. Qb2 Qxb2 26. Rxb2 Nxa5 27. Bxc5 Nc6 28. b4 Re8 29. Be3 Ne5 30. Rbc2 Bc6 31. Bh3 Kb7 32. g4 fxg4 33. Nxg4 Nxg4 34. Bxg4 Nf5 35. Bf4 h5 36. Bh3 e3 37. fxe3 Red8 38. b5 Rd1+ 39. Kf2 Be4 40. bxa6+ Ka7 41. Rxd1 Rxd1 42. Ra2 Nxh4 43. Bxc7 g5 44. Bc8 Rc1 45. Be6 Nf5 46. Ra5 Ng7 47. Bf7 g4 48. Rg5 Nf5 49. Bxh5 Rxc4 50. Bf4 g3+ 51. Bxg3 Nxg3 52. Kxg3 Kxa6 53. Rg4 Kb5 54. Bf7 Rb4 55. Kh4 Kc5 56. Kg5 Kd6 57. Kf6 Ra4 58. Be8 Rc4 59. Bf7 Ra4 60. Bg6 Bc6 61. Rxa4 Bxa4 62. e4 Kd7 63. e5 Bb3 64. Bf7 1-0

[Event "China Elite Mind blitz"]
[Site "Huaian"]
[Date "2016.02.28"]
[Round "2"]
[White "Harikrishna, Pentala"]
[Black "Sargissian, Gabriel"]
[Result "1-0"]
[WhiteElo "2753"]
[BlackElo "2702"]
[PlyCount "79"]
[EventDate "2016.02.28"]
[EventType "tourn (blitz)"]
[EventRounds "30"]
[EventCountry "CHN"]
[EventCategory "19"]
[SourceTitle "CBM 171 Extra"]
[Source "ChessBase"]
[SourceDate "2016.04.26"]
[SourceVersion "1"]
[SourceVersionDate "2016.04.26"]
[SourceQuality "1"]

1. Nf3 d5 2. g3 c6 3. Bg2 Bg4 4. d3 e6 5. O-O Nf6 6. Nbd2 Be7 7. e4 O-O 8. h3 Bh5 9. Qe1 a5 ({RR} 9... h6 10. a3 a5 11. b3 Nbd7 12. Bb2 c5 13. a4 Re8 14. Nh2 Bg6 15. f4 Nb8 16. e5 Nfd7 17. g4 Bh7 18. f5 exf5 19. gxf5 Nc6 20. f6 Bxf6 21. Ng4 Bxe5 22. Nxe5 Ndxe5 23. Qg3 d4 24. Ne4 {Volkov,S (2151)-Volkov,M (2284) chess.com INT 2024 0-1}) 10. Ne5 $146 ({RR} 10. Nh2 dxe4 11. dxe4 e5 12. Nc4 Nfd7 13. a4 Na6 14. Ng4 f6 15. Nge3 Nb4 16. Bd2 b6 17. h4 Re8 18. Bxb4 Bxb4 19. c3 Bf8 20. b4 Qc7 21. Bh3 Red8 22. Qb1 Bf7 23. Rd1 Ra7 24. Rd3 axb4 {Caruana,F (2804)-So,W (2770) Paris 2016 1-0 (41)}) ({RR} 10. a4 Na6 11. Rb1 Qc7 12. b3 Nb4 13. Qd1 dxe4 14. dxe4 Rad8 15. Re1 Bc5 16. Kf1 Qb6 17. Re2 Bxf2 18. Rxf2 Nxe4 19. Qe1 Nxg3+ 20. Kg1 Nxc2 21. Qe5 Nf5 22. Bb2 Nb4 23. Bd4 Qa6 24. Bf1 Qa8 {Murzin,V (2280)-Korotylev,A (2573) Sochi 2017 ½-½ (81)}) 10... Nfd7 11. Nxd7 Nxd7 12. f4 dxe4 13. dxe4 f6 14. Nf3 Qb6+ 15. Kh2 Rfd8 16. b3 Bb4 17. c3 Be7 18. Be3 Qa6 19. Nd4 Bf7 20. Rd1 a4 21. b4 c5 22. Nf3 cxb4 23. cxb4 Qc4 24. Rf2 Qxb4 25. Rfd2 Be8 26. Rb1 Qa3 27. Qf2 Nc5 28. Rxd8 Rxd8 29. Nd4 Nd3 30. Qe2 Nb4 31. Rb2 Qc3 32. Rd2 e5 33. Nf5 Rxd2 34. Nxe7+ Kf7 35. Bxd2 Qc2 36. Qh5+ Kxe7 37. Bxb4+ Kd8 38. Qxh7 exf4 39. Qxg7 fxg3+ 40. Qxg3 1-0

[Event "China Elite Mind blitz"]
[Site "Huaian"]
[Date "2016.02.28"]
[Round "3"]
[White "Ding, Liren"]
[Black "Wojtaszek, Radoslaw"]
[Result "1-0"]
[WhiteElo "2766"]
[BlackElo "2727"]
[Annotator "Schulz,Andre"]
[PlyCount "59"]
[EventDate "2016.02.28"]
[EventType "tourn (blitz)"]
[EventRounds "30"]
[EventCountry "CHN"]
[EventCategory "19"]
[SourceTitle "CBM 171 Extra"]
[Source "ChessBase"]
[SourceDate "2016.04.26"]
[SourceVersion "1"]
[SourceVersionDate "2016.04.26"]
[SourceQuality "1"]

1. Nf3 d5 2. c4 d4 3. b4 f6 4. Na3 e5 5. Nc2 a5 6. b5 Nh6 7. d3 Nf7 8. g3 Nd7 9. Bg2 Nc5 10. O-O Be7 11. Ba3 O-O 12. Nd2 $146 ({RR} 12. e3 dxe3 13. Nxe3 Ne6 14. Bxe7 Qxe7 15. Nd5 Qc5 16. Nd2 Rd8 17. Ne4 Qf8 18. Qh5 c6 19. Ndxf6+ gxf6 20. Nxf6+ Kg7 21. Nxh7 Qd6 22. Be4 Nc5 23. Ng5 Nh6 24. Ne6+ Bxe6 25. Qg6+ Kf8 26. Qxh6+ Ke8 {Cornette,M (2548)-Nieto,E (2246) Belgium 2015 ½-½ (41)}) ({RR} 12. e3 dxe3 13. Nxe3 Re8 14. d4 exd4 15. Nxd4 Rb8 16. Nd5 Bf8 17. Qc2 Bd7 18. Rad1 c6 19. bxc6 bxc6 20. Nf4 Qc7 21. Rfe1 Bg4 22. Rb1 Rxb1 23. Qxb1 Rxe1+ 24. Qxe1 Ne5 25. Nxc6 Nxc6 26. Bxc5 Ne5 {Karthik,R (2276)-Terry,R (2520) chess.com INT 2023 ½-½ (51)}) 12... Ne6 13. Bxe7 Qxe7 14. e3 Rd8 15. exd4 Nxd4 16. Nxd4 Rxd4 17. Nb3 Rd8 18. a4 Ng5 19. d4 Bh3 20. Bxb7 $1 {Das bringt viele Bauern für die Qualität.} Bxf1 21. Qxf1 Rab8 22. Nxa5 exd4 $2 ({Richtig war} 22... Rxb7 23. Nxb7 Rxd4 $132) 23. Nc6 Qe4 24. Nxd8 Nf3+ 25. Kh1 (25. Kg2 {ist objektiv ebenso gut, birgt aber Gefahren:} Rxb7 26. Nxb7 Qxb7 (26... Nd2+ 27. f3) 27. Qe2 Nh4+ 28. Kh3 Qc8+ 29. Kxh4 $2 (29. g4 g5) 29... g5+ 30. Kh5 Qh3#) 25... Rxb7 26. Nxb7 Qxb7 27. a5 Ne1+ 28. f3 Nxf3 29. a6 Qe4 30. Qg2 1-0

[Event "China Elite Mind blitz"]
[Site "Huaian"]
[Date "2016.02.29"]
[Round "12"]
[White "Fressinet, Laurent"]
[Black "Ponomariov, Ruslan"]
[Result "1-0"]
[WhiteElo "2700"]
[BlackElo "2712"]
[PlyCount "154"]
[EventDate "2016.02.28"]
[EventType "tourn (blitz)"]
[EventRounds "30"]
[EventCountry "CHN"]
[EventCategory "19"]
[SourceTitle "CBM 171 Extra"]
[Source "ChessBase"]
[SourceDate "2016.04.26"]
[SourceVersion "1"]
[SourceVersionDate "2016.04.26"]
[SourceQuality "1"]

1. Nf3 d5 2. g3 c6 3. Bg2 Bg4 4. O-O Nd7 5. d3 e6 6. h3 Bh5 7. e4 Bd6 8. exd5 cxd5 9. c4 Ne7 10. Nc3 O-O 11. cxd5 exd5 12. g4 ({RR} 12. Re1 Rc8 13. d4 h6 14. Qb3 Nb6 15. Ne5 Nc6 16. g4 Bxe5 17. dxe5 Bg6 18. Be3 d4 19. Rad1 d3 20. Nb5 Na5 21. Qb4 Nd5 22. Qd4 Nxe3 23. fxe3 Rc2 24. Nd6 Qh4 25. Qf4 Rxb2 26. Rf1 Qg5 {Kramnik,V (2769)-Adams,M (2745) London 2014 0-1 (37)}) 12... Bg6 13. Nh4 Nb6 14. a4 a5 $146 ({RR} 14... Bb4 15. a5 Nbc8 16. Nxg6 hxg6 17. Qb3 Bxa5 18. Qxb7 Nd6 19. Qa6 Bb6 20. Bg5 f6 21. Bf4 Nf7 22. Rae1 Rc8 23. Qa2 d4 24. Nd5 Nxd5 25. Bxd5 Bc7 26. Bxc7 Rxc7 27. Re4 Kh8 28. Bxf7 Rcxf7 29. Rfe1 {Matlakov,M (2694)-Salinas Herrera,P (2466) Doha 2016 1-0 (46)}) 15. f4 f5 16. Be3 Bf7 17. Nxf5 Nxf5 18. gxf5 Be7 19. Bd4 Bf6 20. Be5 Nc8 21. Nb5 Ne7 22. Qg4 Kh8 23. Kh2 h5 24. Qe2 Nxf5 25. Rac1 Rc8 26. Qd2 Rc6 27. d4 Bh4 28. Rc3 Qe7 29. Rcf3 Rfc8 30. Nc3 Kh7 31. Rg1 Rg6 32. Bf1 Rxg1 33. Kxg1 Qe6 34. Bd3 Bg6 35. Kh2 Be7 36. Rf2 Bb4 37. Rg2 Rc6 38. Rg5 Qf7 39. Qg2 Nh4 40. Rxh5+ Kg8 41. Rxh4 Bxd3 42. Rg4 Rg6 43. Qxd5 Bxc3 44. Qxf7+ Kxf7 45. bxc3 Bc2 46. Rxg6 Kxg6 47. Bc7 Bxa4 48. Bxa5 Bb3 49. Kg3 Kf5 50. Bc7 g6 51. Be5 b5 52. Kf3 Bd5+ 53. Ke3 Bc4 54. Kd2 Ke6 55. h4 Bd5 56. Kc2 Be4+ 57. Kb3 Kd5 58. Kb4 Kc6 59. Ka5 Bd3 60. Bf6 Be4 61. Kb4 Bd3 62. Be5 Be4 63. c4 bxc4 64. Kxc4 Bd5+ 65. Kd3 Be6 66. Ke4 Bf5+ 67. Ke3 Kd5 68. Kd2 Ke4 69. Kc3 Kd5 70. Kb4 Be4 71. Kb5 Bf5 72. Kb6 Be4 73. Kc7 Ke6 74. Kd8 Bc6 75. Bb8 Bb5 76. f5+ Kxf5 77. d5 Bc4 1-0

[Event "China Elite Mind blitz (Women)"]
[Site "Huaian"]
[Date "2016.02.28"]
[Round "7"]
[White "Lagno, Kateryna"]
[Black "Stefanova, Antoaneta"]
[Result "1-0"]
[WhiteElo "2529"]
[BlackElo "2509"]
[PlyCount "75"]
[EventDate "2016.02.28"]
[EventType "tourn (blitz)"]
[EventRounds "30"]
[EventCountry "CHN"]
[EventCategory "10"]
[SourceTitle "CBM 171 Extra"]
[Source "ChessBase"]
[SourceDate "2016.04.26"]
[SourceVersion "1"]
[SourceVersionDate "2016.04.26"]
[SourceQuality "1"]

1. Nf3 d5 2. g3 Bg4 3. Bg2 e6 4. O-O c6 5. h3 Bh5 6. d4 Nf6 7. c4 Nbd7 ({RR} 7... Be7 8. Nc3 O-O 9. Qb3 Qb6 10. Ne5 Nbd7 11. g4 Bg6 12. g5 Nxe5 13. gxf6 Bxf6 14. dxe5 Bxe5 15. cxd5 cxd5 16. Qxb6 axb6 17. Bd2 Rfc8 18. Rfc1 Rc4 19. e3 h5 20. a3 Bf5 21. Nd1 Rc6 22. f4 {Lagno,K (2523)-Schneider,I (2481) Berlin 2015 1-0 (36)}) 8. cxd5 exd5 9. Qb3 ({RR} 9. Ne5 Ne4 10. Bxe4 dxe4 11. Nc3 Nxe5 12. dxe5 Qxd1 13. Rxd1 Be7 14. Be3 b6 15. Rd4 f5 16. exf6 Bxf6 17. Rxe4+ Kf7 18. Rf4 Bg6 19. Bd4 Rhd8 20. Rd1 c5 21. Bxf6 Rxd1+ 22. Nxd1 gxf6 23. Kf1 Rd8 {Samadov,R (2501)-Dai,C (2527) chess.com INT 2025 1-0 (34)}) 9... Nb6 ({RR} 9... Qb6 10. Qe3+ Be7 11. Nh4 Bg6 12. Nc3 Kf8 13. Nxg6+ hxg6 14. Qd3 Re8 15. Rb1 Kg8 16. b4 a6 17. Re1 Nf8 18. e4 dxe4 19. Nxe4 Nxe4 20. Rxe4 Qd8 21. Qe2 Rh5 22. Bf3 Rd5 23. Bb2 Rd6 24. Re1 {Vachier Lagrave,M (2758)-Kramnik,V (2777) Berlin 2015 ½-½ (63)}) 10. a4 $146 ({RR} 10. Nc3 Be7 11. a4 a5 12. Ne5 Bg6 13. f4 Bf5 14. g4 Bc8 15. f5 Nfd7 16. Bf4 O-O 17. Rad1 Bg5 18. Bxg5 Qxg5 19. e4 Qe3+ 20. Kh1 dxe4 21. Rfe1 Qg3 22. Rxe4 Nd5 23. Rd3 Qh4 24. Nxd5 cxd5 {Kozak,A (2512)-Trbojevic,M (2338) Austria 2020 1-0 (35)}) ({RR} 10. Nc3 Be7 11. a4 a5 12. Ne5 Bg6 13. f4 Bf5 14. g4 Bc8 15. f5 Nfd7 16. Bf4 O-O 17. Rad1 Bg5 18. Bxg5 Qxg5 19. e4 Qe3+ 20. Kh1 dxe4 21. Rfe1 Qg3 22. Rxe4 Nd5 23. Rd3 Qh4 24. Nxd5 cxd5 {Kozak,A (2512)-Trbojevic,M (2338) Austria 2020 1-0 (35)}) 10... Rb8 11. a5 Nc4 12. Ne5 Nd6 13. a6 Qc7 14. axb7 Rxb7 15. Qc2 Rb6 16. Nc3 Be7 17. Nxd5 Nxd5 18. Bxd5 O-O 19. Bf4 g5 20. Bd2 Bf6 21. Ba5 Qc8 22. Bxb6 axb6 23. Qxc6 Qd8 24. Bf3 Bxf3 25. Nxf3 Nf5 26. e3 h6 27. Ra6 Bg7 28. Rxb6 Ne7 29. Qc5 Qa8 30. Qxe7 Qxf3 31. Qb7 Qe2 32. Qa6 Qf3 33. Rc6 h5 34. Rc8 h4 35. Qc6 Qe2 36. Rxf8+ Bxf8 37. Qd5 Be7 38. Qe5 1-0

[Event "China Elite Mind blitz (Women)"]
[Site "Huaian"]
[Date "2016.03.01"]
[Round "27"]
[White "Tan, Zhongyi"]
[Black "Zhao, Xue"]
[Result "1-0"]
[WhiteElo "2504"]
[BlackElo "2506"]
[PlyCount "41"]
[EventDate "2016.02.28"]
[EventType "tourn (blitz)"]
[EventRounds "30"]
[EventCountry "CHN"]
[EventCategory "10"]
[SourceTitle "CBM 171 Extra"]
[Source "ChessBase"]
[SourceDate "2016.04.26"]
[SourceVersion "1"]
[SourceVersionDate "2016.04.26"]
[SourceQuality "1"]

1. Nf3 Nf6 2. g3 b5 3. Bg2 d5 4. O-O e6 5. d3 Be7 ({RR} 5... Nbd7 6. Nbd2 c5 7. Re1 Be7 8. e4 O-O 9. e5 Ne8 10. Nf1 Nc7 11. h4 b4 12. Bg5 f6 13. exf6 gxf6 14. Bh6 Rf7 15. d4 Bb7 16. c3 Kh8 17. Bh3 Bf8 18. Bf4 e5 19. dxe5 fxe5 20. Nxe5 {Khotenashvili,B (2458)-Zhao,X (2486) Chess.com INT 2020 ½-½ (64)}) 6. c4 bxc4 7. dxc4 c6 8. Nc3 $146 ({RR} 8. Qc2 O-O 9. Nbd2 Nbd7 10. e4 Qb6 11. b3 Bc5 12. Bh3 e5 13. cxd5 cxd5 14. exd5 Nxd5 15. Nc4 Qa6 16. Bxd7 Bxd7 17. Ncxe5 Bh3 18. Rd1 Be7 19. Bb2 Qe6 20. Qe4 Nf6 21. Qb7 h6 22. Nc6 Bc5 {Krzyzanowski,M (2417)-Czakon,J (2475) Poland 2015 1-0 (72)}) 8... Ba6 9. b3 O-O 10. Qc2 Nbd7 11. Rd1 Qc8 12. e4 dxc4 13. e5 Nd5 14. bxc4 Nxc3 15. Qxc3 Qc7 16. Be3 Rab8 17. Qc2 h6 18. Qa4 Qc8 19. Rxd7 Rb4 20. Qd1 Bd8 21. Bc5 1-0